[Event "Zonal 1.4 (w) prel B"]
[Site "Timisoara ROM"]
[Date "1993.03.??"]
[Round "6"]
[White "Nutu-Gajic, Daniela"]
[Black "Radu, Elena-Luminita"]
[Result "1-0"]
[WhiteElo "2355"]
[BlackElo "2230"]
[EventDate "1993.03.20"]
[PlyCount "123"]

1.d4 d5 2.c4 e6 3.Nc3 c6 4.e4 dxe4 5.Nxe4 Bb4+ 6.Bd2 Qxd4 7.Bxb4 Qxe4+ 8.
Be2 Nd7 9.Nf3 b6 10.Nd2 Qf4 11.Bf3 Ne5 12.Be4 Bb7 13.Bc3 f6 14.g3 Qg4 15.
Bxe5 Qxd1+ 16.Rxd1 fxe5 17.c5 Nf6 18.O-O O-O-O 19.Bg2 Kc7 20.Rfe1 Rd4 21.
Nf3 Rxd1 22.Rxd1 Rd8 23.Rxd8 Kxd8 24.Nxe5 Kc7 25.b4 bxc5 26.bxc5 Nd7 27.
Nxd7 Kxd7 28.f4 Ba6 29.Kf2 Bc4 30.a3 Bd5 31.Bh3 Ke7 32.Ke3 Kf6 33.Kd4 h6 
34.Bf1 g5 35.fxg5+ hxg5 36.Bh3 Bf3 37.Bf1 Bd5 38.h3 e5+ 39.Ke3 Be6 40.Bg2 
Bd7 41.h4 gxh4 42.gxh4 Be8 43.Bf3 Ke6 44.h5 Bxh5 45.Bxh5 Kd5 46.Bf3+ Kxc5 
47.Kd3 Kb5 48.Kc3 c5 49.Bd5 Ka5 50.Bc6 Kb6 51.Be4 Ka5 52.Bd3 Kb6 53.Kc4 
Kc6 54.Bc2 a6 55.Bg6 Kb6 56.Kd5 e4 57.Bxe4 Kb5 58.Bc2 Ka5 59.Kc4 Kb6 60.
Bd3 Ka5 61.Kb3 Kb6 62.Ka4 1-0

[Event "Zonal 1.4 (w) prel B"]
[Site "Timisoara ROM"]
[Date "1993.03.??"]
[Round "6"]
[White "Bobrowska, Monika"]
[Black "Baciu-Ionescu, Anca-Otilia"]
[Result "1/2-1/2"]
[WhiteElo "2210"]
[BlackElo "2160"]
[EventDate "1993.03.20"]
[PlyCount "103"]

1.c4 e6 2.d4 d5 3.cxd5 exd5 4.Nc3 Be7 5.Nf3 Nf6 6.Bg5 Nbd7 7.e3 Nf8 8.Bd3 
Ne6 9.Bh4 O-O 10.O-O g6 11.Bxf6 Bxf6 12.b4 Ng7 13.Qb3 Be6 14.a4 a6 15.Rfc1
Be7 16.Ne2 Bd6 17.Qc3 Nf5 18.Rab1 Qe7 19.Nf4 Nh4 20.Nxh4 Qxh4 21.g3 Qf6 
22.Bf1 g5 23.Nd3 h5 24.Nc5 Bf5 25.Rb2 Be4 26.Be2 Rae8 27.Nxb7 h4 28.Nxd6 
cxd6 29.Qe1 Kg7 30.Qf1 Rh8 31.g4 h3 32.f3 Bg6 33.Rb3 Qe7 34.Qf2 Qb7 35.f4 
gxf4 36.Qxf4 Rc8 37.Rxc8 Rxc8 38.Qxd6 Rc2 39.Bf3 Qc8 40.Qe5+ Kh7 41.Ra3 
Rc1+ 42.Kf2 Qc2+ 43.Kg3 Rg1+ 44.Kxh3 Qb2 45.Bxd5 Qxa3 46.Bxf7 Bxf7 47.Qf5+
Bg6 48.Qf2 Qc1 49.Qh4+ Kg7 50.Qe7+ Kg8 51.Qd8+ Kf7 52.Qd7+ 1/2-1/2

[Event "Zonal 1.4 (w) prel B"]
[Site "Timisoara ROM"]
[Date "1993.03.??"]
[Round "6"]
[White "Voiska, Margarita"]
[Black "Velcheva, Maria"]
[Result "1-0"]
[WhiteElo "2305"]
[BlackElo "2150"]
[EventDate "1993.03.20"]
[PlyCount "69"]

1.c4 e5 2.g3 Nc6 3.Bg2 Nf6 4.Nc3 Bb4 5.d3 O-O 6.e4 a5 7.Ne2 d6 8.O-O Nd4 
9.Nxd4 exd4 10.Ne2 Bc5 11.Bg5 h6 12.Bd2 Ne8 13.h3 c6 14.g4 Nc7 15.Ng3 d5 
16.cxd5 cxd5 17.e5 f5 18.exf6 Qxf6 19.Nh5 Qa6 20.Qc2 Bd6 21.Rae1 Bd7 22.f4
Bb5 23.Rf3 Qc6 24.Qd1 g6 25.Ng3 Rae8 26.Rxe8 Qxe8 27.f5 Bxg3 28.Rxg3 Qe5 
29.Rf3 gxf5 30.Bxh6 Rf7 31.Bf4 Qe7 32.gxf5 Rxf5 33.Rg3+ Kf7 34.Qg4 Rxf4 
35.Qg6+ 1-0

[Event "Zonal 1.4 (w) prel B"]
[Site "Timisoara ROM"]
[Date "1993.03.??"]
[Round "7"]
[White "Baciu-Ionescu, Anca-Otilia"]
[Black "Zimmersmann, Rita"]
[Result "1-0"]
[WhiteElo "2160"]
[BlackElo "2255"]
[EventDate "1993.03.20"]
[PlyCount "97"]

1.e4 c5 2.Nf3 d6 3.d4 cxd4 4.Nxd4 Nf6 5.Nc3 Nc6 6.Be3 e5 7.Nf3 Be7 8.Bc4 
O-O 9.h3 Be6 10.Qe2 h6 11.O-O Rc8 12.Bb3 Na5 13.Rfd1 Nc4 14.Nd5 Nxe3 15.
Qxe3 Rc5 16.Nxf6+ Bxf6 17.Bxe6 fxe6 18.Qxc5 dxc5 19.Rxd8 Rxd8 20.Kf1 Kf7 
21.Ke2 Ke7 22.Rd1 Rxd1 23.Kxd1 Kd6 24.c4 a6 25.a4 Kc6 26.Kc2 b5 27.axb5+ 
axb5 28.Kb3 g6 29.cxb5+ Kxb5 30.Nd2 Bd8 31.Nc4 Be7 32.Na3+ Kc6 33.Ka4 Bd8 
34.Nc4 Bc7 35.f3 h5 36.h4 Bb8 37.Ka5 Bc7+ 38.Ka6 Bb8 39.Na5+ Kd7 40.Kb5 
Kd6 41.Nb7+ Ke7 42.Nxc5 Bc7 43.b4 Kd6 44.Nb7+ Kd7 45.Ka6 Kc6 46.b5+ Kd7 
47.Nc5+ Kd6 48.b6 Bb8 49.Kb7 1-0

[Event "Zonal 1.4 (w) prel B"]
[Site "Timisoara ROM"]
[Date "1993.03.??"]
[Round "7"]
[White "Radu, Elena-Luminita"]
[Black "Bobrowska, Monika"]
[Result "0-1"]
[WhiteElo "2230"]
[BlackElo "2210"]
[EventDate "1993.03.20"]
[PlyCount "138"]

1.e4 e6 2.d3 d5 3.Nd2 Nf6 4.Ngf3 Be7 5.g3 c5 6.Bg2 Nc6 7.O-O b6 8.Re1 Bb7 
9.c3 Qc7 10.a3 O-O-O 11.e5 Nd7 12.d4 g5 13.Nf1 Rdg8 14.g4 Nf8 15.Ng3 h6 
16.b4 c4 17.a4 Ng6 18.Nh5 Kb8 19.h3 Bc8 20.Nh2 Rf8 21.Qc2 Rhg8 22.b5 Na5 
23.Ba3 Bxa3 24.Rxa3 Nf4 25.Nf6 Rh8 26.Nf3 Qe7 27.Ra2 Rd8 28.Qd2 Qf8 29.Bf1
Qg7 30.h4 Nb7 31.h5 Nd6 32.Nh2 Ne8 33.Nxe8 Rhxe8 34.a5 Bb7 35.Nf3 Qh7 36.
Qd1 Kc7 37.Re3 Qg7 38.Qb1 Rh8 39.Ne1 Rhe8 40.Nc2 f5 41.exf6 Qxf6 42.Re5 
Rf8 43.Qe1 Qf7 44.Re3 Qd7 45.Qb1 e5 46.Rg3 e4 47.Ne3 Rf6 48.axb6+ axb6 49.
Ra7 Rff8 50.Qb4 Qf7 51.f3 Rfe8 52.Qa3 Ra8 53.Nf5 Qd7 54.Nd6 Reb8 55.Nxb7 
Rxa7 56.Qxa7 Rxb7 57.Qa3 e3 58.Qb2 Qd6 59.Kh2 Rb8 60.Be2 Re8 61.Qc2 Nd3 
62.Kh3 Nf4+ 63.Kh2 Nxe2 64.Qxe2 Qa3 65.Qe1 Qb2+ 66.Rg2 e2 67.Rf2 Qc2 68.
Rg2 Qd3 69.Qg3+ Kd7 0-1

[Event "Zonal 1.4 (w) prel B"]
[Site "Timisoara ROM"]
[Date "1993.03.??"]
[Round "7"]
[White "Csoke, Adrienn"]
[Black "Nutu-Gajic, Daniela"]
[Result "1/2-1/2"]
[WhiteElo "2210"]
[BlackElo "2355"]
[EventDate "1993.03.20"]
[PlyCount "89"]

1.e4 c5 2.Nf3 e6 3.d4 cxd4 4.Nxd4 Nf6 5.Nc3 d6 6.Be3 a6 7.f3 Nc6 8.g4 h6 
9.Qd2 d5 10.O-O-O dxe4 11.Nxc6 Qxd2+ 12.Rxd2 bxc6 13.Nxe4 Nxe4 14.fxe4 e5 
15.h3 Be6 16.Rd3 Be7 17.Kb1 f6 18.Rc3 Kd7 19.Bc4 Bxc4 20.Rxc4 h5 21.Rd1+ 
Kc7 22.Bd2 a5 23.Bc3 hxg4 24.hxg4 Rh4 25.g5 Kb6 26.Ra4 Ra7 27.b3 Rg4 28.
gxf6 Bxf6 29.Rh1 Kb7 30.Rh8 Kc7 31.Kb2 Kd7 32.Rh5 Ke6 33.Rc4 a4 34.bxa4 
Rb7+ 35.Rb4 Rxb4+ 36.Bxb4 Rxe4 37.a3 Rd4 38.a5 Rd8 39.Bc5 Ra8 40.Bb6 Kd5 
41.Kc3 Rb8 42.Kd3 c5 43.c4+ Kc6 44.Ke4 Re8 45.Rh7 1/2-1/2

[Event "Zonal 1.4 (w) prel B"]
[Site "Timisoara ROM"]
[Date "1993.03.??"]
[Round "7"]
[White "Velcheva, Maria"]
[Black "Kubikova, Hana"]
[Result "1-0"]
[WhiteElo "2150"]
[BlackElo "2290"]
[EventDate "1993.03.20"]
[PlyCount "71"]

1.e4 c5 2.Nf3 Nc6 3.d4 cxd4 4.Nxd4 Nf6 5.Nc3 e6 6.Be2 Bb4 7.O-O O-O 8.Bg5 
h6 9.Nxc6 bxc6 10.Bxf6 Qxf6 11.Na4 d5 12.a3 Bd6 13.exd5 Qh4 14.g3 Qxa4 15.
dxc6 Be5 16.b3 Qa5 17.b4 Qb6 18.c3 Rd8 19.Qa4 Rd2 20.Rfe1 Bxc3 21.Rad1 
Rxd1 22.Rxd1 Bd4 23.Bf3 e5 24.c7 Bb7 25.Qd7 Rc8 26.Rc1 Bxf2+ 27.Kg2 e4 28.
Bh5 e3+ 29.Bf3 h5 30.b5 Bxf3+ 31.Kxf3 Qe6 32.Qxe6 fxe6 33.a4 Kf7 34.a5 Ke7
35.b6 axb6 36.axb6 1-0

[Event "Zonal 1.4 (w) prel B"]
[Site "Timisoara ROM"]
[Date "1993.03.??"]
[Round "7"]
[White "Voiska, Margarita"]
[Black "Veroci, Zsuzsa"]
[Result "1/2-1/2"]
[WhiteElo "2305"]
[BlackElo "2325"]
[EventDate "1993.03.20"]
[PlyCount "41"]

1.e4 e5 2.Nf3 Nc6 3.Bb5 a6 4.Ba4 Nf6 5.O-O Be7 6.Re1 b5 7.Bb3 d6 8.a4 Bb7 
9.d3 O-O 10.Nc3 b4 11.Nd5 a5 12.Nxe7+ Nxe7 13.Bg5 Ng6 14.Nh4 Kh8 15.Nf5 h6
16.Bxf6 Qxf6 17.Ne3 Nf4 18.Qf3 Qg6 19.Qg3 Qh5 20.f3 Bc8 21.Nd5 1/2-1/2

[Event "Zonal 1.4 (w) prel B"]
[Site "Timisoara ROM"]
[Date "1993.03.??"]
[Round "8"]
[White "Radu, Elena-Luminita"]
[Black "Csoke, Adrienn"]
[Result "1/2-1/2"]
[WhiteElo "2230"]
[BlackElo "2210"]
[EventDate "1993.03.20"]
[PlyCount "83"]

1.e4 Nf6 2.e5 Nd5 3.c4 Nb6 4.c5 Nd5 5.Nc3 e6 6.Nxd5 exd5 7.d4 b6 8.Be3 c6 
9.b4 Ba6 10.Nf3 Bxf1 11.Kxf1 a5 12.a3 Be7 13.g3 O-O 14.Kg2 f6 15.Qb3 Kh8 
16.Rae1 axb4 17.axb4 bxc5 18.bxc5 Na6 19.exf6 Bxf6 20.Bf4 Nc7 21.Bd6 Re8 
22.Ne5 Bxe5 23.Bxe5 Nb5 24.Ra1 Qg5 25.Qd3 Kg8 26.h4 Qe7 27.Rhe1 Qf7 28.g4 
Rf8 29.Qg3 Qg6 30.h5 Qf7 31.h6 Rxa1 32.Rxa1 gxh6 33.f4 Qg6 34.f5 Qg5 35.
Ra2 Re8 36.Rf2 Kf7 37.Qh3 Rg8 38.Rf4 h5 39.Kf3 hxg4+ 40.Qxg4 Qxg4+ 41.Rxg4
Rxg4 42.Kxg4 1/2-1/2

[Event "Zonal 1.4 (w) prel B"]
[Site "Timisoara ROM"]
[Date "1993.03.??"]
[Round "8"]
[White "Kubikova, Hana"]
[Black "Veroci, Zsuzsa"]
[Result "0-1"]
[WhiteElo "2290"]
[BlackElo "2325"]
[EventDate "1993.03.20"]
[PlyCount "60"]

1.e4 e5 2.Nf3 Nc6 3.d4 exd4 4.Nxd4 Bc5 5.Be3 Qf6 6.c3 Nge7 7.Bc4 Ne5 8.Be2
Qg6 9.O-O d6 10.f4 Qxe4 11.Bf2 Bxd4 12.cxd4 N5g6 13.Nc3 Qf5 14.Bd3 Qxf4 
15.Nb5 O-O 16.Nxc7 Rb8 17.Re1 Bg4 18.Qb3 Nc6 19.Nb5 Qf6 20.Bxg6 Qxg6 21.
Bg3 a6 22.Nxd6 Nxd4 23.Qc4 Nc2 24.Nxf7 Rbc8 25.Nh6+ Kh8 26.Qxg4 Nxa1 27.
Qxg6 hxg6 28.Ng4 Nc2 29.Re7 Nd4 30.Bf2 Rc1+ 0-1

[Event "Zonal 1.4 (w) prel B"]
[Site "Timisoara ROM"]
[Date "1993.03.??"]
[Round "8"]
[White "Nutu-Gajic, Daniela"]
[Black "Velcheva, Maria"]
[Result "1-0"]
[WhiteElo "2355"]
[BlackElo "2150"]
[EventDate "1993.03.20"]
[PlyCount "81"]

1.d4 d5 2.c4 c6 3.cxd5 cxd5 4.Bf4 Nc6 5.e3 Nf6 6.Nc3 e6 7.Bd3 Bd6 8.Bxd6 
Qxd6 9.f4 Nd7 10.Nf3 f5 11.O-O O-O 12.a3 Nf6 13.Ne5 Ne4 14.Rc1 Bd7 15.Nxe4
fxe4 16.Bb5 Rac8 17.Bxc6 Bxc6 18.Qb3 b6 19.Rc3 Bd7 20.Rfc1 Rxc3 21.Rxc3 
Rc8 22.Rxc8+ Bxc8 23.Qb5 Qe7 24.h3 Kf8 25.Kh2 Qc7 26.Qe2 g6 27.Qd2 Bd7 28.
g4 a5 29.g5 Be8 30.Kg3 Kg7 31.h4 h5 32.gxh6+ Kxh6 33.Kh3 Kh7 34.Qf2 a4 35.
Qe1 Qc8 36.h5 Qc7 37.hxg6+ Bxg6 38.Qh4+ Kg7 39.Qg5 Kf8 40.Qxg6 b5 41.Qf6+ 
1-0

[Event "Zonal 1.4 (w) prel B"]
[Site "Timisoara ROM"]
[Date "1993.03.??"]
[Round "8"]
[White "Bobrowska, Monika"]
[Black "Zimmersmann, Rita"]
[Result "0-1"]
[WhiteElo "2210"]
[BlackElo "2255"]
[EventDate "1993.03.20"]
[PlyCount "124"]

1.c4 c5 2.Nc3 b6 3.Nf3 Bb7 4.g3 g6 5.Bg2 Bg7 6.O-O Nf6 7.b3 d6 8.Bb2 O-O 
9.e3 Nbd7 10.d4 cxd4 11.exd4 Rc8 12.Qd2 a6 13.Rfe1 e6 14.Rad1 Qc7 15.d5 e5
16.Ng5 h6 17.Nh3 Nh5 18.Kh1 f5 19.f3 Ndf6 20.Qf2 Rce8 21.Qc2 Kh7 22.Nf2 
Bc8 23.Qd3 Qd8 24.Bc1 Nd7 25.Qc2 Qf6 26.Ne2 Kh8 27.g4 Nf4 28.Bxf4 exf4 29.
Nxf4 Ne5 30.Ne6 Bxe6 31.dxe6 fxg4 32.Nxg4 Qxe6 33.Nf2 Rd8 34.Ne4 Qf5 35.
Qe2 Nf7 36.Ng3 Qg5 37.Rd5 Be5 38.Qe4 Qf6 39.Qd3 Ng5 40.Ne4 Qf4 41.Ng3 Rf5 
42.Kg1 Rdf8 43.Nxf5 Qxh2+ 44.Kf1 Rxf5 45.Qe3 h5 46.Rd3 h4 47.Qg1 Qf4 48.
Ke2 h3 49.Bh1 Kg7 50.Qxb6 Ne6 51.Qa7+ Kf6 52.Qf2 Bd4 53.Qf1 Nc5 54.Kd1 
Nxd3 55.Qxd3 Be5 56.Qd2 Qg3 57.Rf1 Rf4 58.Qf2 Rd4+ 59.Kc2 Qf4 60.Qe1 Qf5+ 
61.Kc1 Bf4+ 62.Kb2 Rd2+ 0-1

[Event "Zonal 1.4 (w) prel B"]
[Site "Timisoara ROM"]
[Date "1993.03.??"]
[Round "8"]
[White "Voiska, Margarita"]
[Black "Baciu-Ionescu, Anca-Otilia"]
[Result "1/2-1/2"]
[WhiteElo "2305"]
[BlackElo "2160"]
[EventDate "1993.03.20"]
[PlyCount "25"]

1.d4 d5 2.c4 e6 3.Nc3 Be7 4.Nf3 Nf6 5.Bg5 h6 6.Bh4 O-O 7.cxd5 Nxd5 8.Bxe7 
Qxe7 9.Rc1 Nxc3 10.Rxc3 Nc6 11.e3 Rd8 12.Qc2 e5 13.Nxe5 1/2-1/2

[Event "Zonal 1.4 (w) prel B"]
[Site "Timisoara ROM"]
[Date "1993.03.??"]
[Round "9"]
[White "Csoke, Adrienn"]
[Black "Bobrowska, Monika"]
[Result "1/2-1/2"]
[WhiteElo "2210"]
[BlackElo "2210"]
[EventDate "1993.03.20"]
[PlyCount "40"]

1.e4 e6 2.d4 d5 3.Nd2 Nf6 4.e5 Nfd7 5.Bd3 c5 6.c3 Nc6 7.Ne2 cxd4 8.cxd4 f6
9.exf6 Nxf6 10.Nf3 Bd6 11.O-O O-O 12.Bf4 Bxf4 13.Nxf4 Ne4 14.Nh5 Ng5 15.
Ne5 g6 16.f4 Nxe5 17.dxe5 gxh5 18.fxg5 Rxf1+ 19.Qxf1 Qxg5 20.Qf3 Bd7 
1/2-1/2

[Event "Zonal 1.4 (w) prel B"]
[Site "Timisoara ROM"]
[Date "1993.03.??"]
[Round "9"]
[White "Zimmersmann, Rita"]
[Black "Voiska, Margarita"]
[Result "0-1"]
[WhiteElo "2255"]
[BlackElo "2305"]
[EventDate "1993.03.20"]
[PlyCount "98"]

1.d4 Nf6 2.Nf3 e6 3.Bf4 c5 4.e3 Nc6 5.c3 Qb6 6.Qc2 d5 7.Bd3 h6 8.Nbd2 Bd7 
9.h3 Be7 10.O-O O-O 11.Rae1 Rac8 12.Qb1 a5 13.a4 Qd8 14.Bh2 Na7 15.Qd1 Qb6
16.Qc2 Nc6 17.Qb1 Qd8 18.Ne5 Nxe5 19.dxe5 Ne8 20.Qd1 f5 21.exf6 Nxf6 22.e4
Bc6 23.e5 Ne4 24.Bxe4 dxe4 25.Qe2 e3 26.Qxe3 Qd5 27.Ne4 Rcd8 28.Qg3 Rf5 
29.f3 Qb3 30.Nd6 Rg5 31.Qf2 Rf8 32.Kh1 b6 33.Qd2 Qxa4 34.Ne4 Bxe4 35.fxe4 
Rxf1+ 36.Rxf1 Qxe4 37.Bf4 Rf5 38.Rf3 g5 39.Bg3 Rxf3 40.gxf3 Qxf3+ 41.Kh2 
h5 42.Qc2 Qf5 43.Qg2 Kf7 44.Qe2 Kg6 45.c4 Bf8 46.Be1 Bg7 47.Bc3 g4 48.hxg4
hxg4 49.Kg1 g3 0-1

[Event "Zonal 1.4 (w) prel B"]
[Site "Timisoara ROM"]
[Date "1993.03.??"]
[Round "9"]
[White "Velcheva, Maria"]
[Black "Radu, Elena-Luminita"]
[Result "0-1"]
[WhiteElo "2150"]
[BlackElo "2230"]
[EventDate "1993.03.20"]
[PlyCount "62"]

1.e4 e6 2.d4 d5 3.Nd2 Nf6 4.e5 Nfd7 5.c3 c5 6.f4 Nc6 7.Ndf3 cxd4 8.cxd4 
Be7 9.h4 f5 10.a3 a5 11.b3 Nb6 12.Bd3 Bd7 13.Ne2 Rc8 14.Kf1 a4 15.b4 Na7 
16.Rg1 h5 17.Ng5 g6 18.Rh1 Rc7 19.Kf2 Qc8 20.Be3 Bb5 21.Bxb5+ Nxb5 22.Qd3 
Nc4 23.Rh2 Rc6 24.Rhh1 Qa8 25.Nf3 Kd7 26.Rhc1 Rhc8 27.g3 Bd8 28.Bd2 Qa6 
29.Be3 Bb6 30.Kg2 Nbxa3 31.Qd1 Nc2 0-1

[Event "Zonal 1.4 (w) prel B"]
[Site "Timisoara ROM"]
[Date "1993.03.??"]
[Round "9"]
[White "Veroci, Zsuzsa"]
[Black "Nutu-Gajic, Daniela"]
[Result "1/2-1/2"]
[WhiteElo "2325"]
[BlackElo "2355"]
[EventDate "1993.03.20"]
[PlyCount "43"]

1.e4 c5 2.Nf3 d6 3.d4 Nf6 4.Nc3 cxd4 5.Nxd4 a6 6.Bc4 e6 7.Bb3 b5 8.O-O Be7
9.Qf3 Qc7 10.Qg3 O-O 11.Bh6 Ne8 12.Rfe1 Bd7 13.Rad1 Kh8 14.Bg5 Bxg5 15.
Qxg5 Nf6 16.a3 Nc6 17.Nxc6 Bxc6 18.Rd4 Rad8 19.Qd2 Rd7 20.Rd1 Rfd8 21.f3 
h6 22.Qf2 1/2-1/2